Statistiken für Errate den F1-Fahrer #1

Klicken Sie hier um das Quiz zu spielen!

Allgemein

  • Dieses Quiz wurde 464 mal gespielt
  • Das Durchschnittsergebnis liegt bei 8 aus 15

Antwortstatistiken

FahrerTeam 1Team 2Team 3Team 4Team 5Team 6Team 7% Korrekt
Michael SchumacherJordanBenettonFerrariMercedes
87%
Kevin MagnussenMcLarenRenaultHaas
76%
Lewis HamiltonMcLarenMercedes
74%
Kimi RäikkönenSauberMcLarenFerrariLotusFerrariAlfa Romeo
69%
Valtteri BottasWilliamsMercedesAlfa Romeo
67%
Sebastian VettelBMWToro RossoRedBullFerrariAston Martin
65%
Carlos SainzToro RossoRenaultMcLarenFerrari
64%
Fernando AlonsoMinardiRenaultMcLarenRenaultFerrariMcLarenAlpine
64%
Daniel RicciardoToro RossoRedBullRenaultMcLaren
57%
Romain GrosjeanRenaultLotusHaas
35%
Rubens BarrichelloJordanStewartFerrariHondaBrawnWilliams
33%
Ayrton SennaTolemanLotusMclarenWilliams
20%
Felipe MassaSauberFerrariWilliams
20%
Alain ProstMcLarenRenaultMcLarenFerrariWilliams
17%
Pastor MaldonadoWilliamsLotus
10%

Verteilung der Resultate

Perzentil nach korrekt beantworteten Fragen

Anzahl Personen mit jedem Resultat

Ihre Resultats-Entwicklung

Sie haben dieses Quiz noch nicht gespielt